Marketingový plán a reklama-skúsenosti firmy Universal McCann
Salvato in:
| Autore principale: | |
|---|---|
| Natura: | Manoscritto Libro |
| Lingua: | slovacco |
| Pubblicazione: |
Bratislava :
STU v Bratislave FCHPT,
2003
|
| Edizione: | Obháj.: 3.6.2003 |
| Tags: |
Nessun Tag, puoi essere il primo ad aggiungerne!!
|
MARC
| LEADER | 00000ntm a22000003a 4500 | ||
|---|---|---|---|
| 001 | stu80942 | ||
| 005 | 20150617225641.0 | ||
| 008 | 030611s2003----xo------------------slo-d | ||
| 040 | |a STU |b slo | ||
| 041 | 0 | |a slo | |
| 044 | |a xo | ||
| 100 | 1 | |a Kaňka, Marek |4 aut | |
| 245 | 1 | |a Marketingový plán a reklama-skúsenosti firmy Universal McCann | |
| 250 | |a Obháj.: 3.6.2003 | ||
| 260 | |a Bratislava : |b STU v Bratislave FCHPT, |c 2003 | ||
| 300 | |a 71 s. Tab.,garfy,lit | ||
| 500 | |a Odbor: Manažment chemických a potravinárskych podnikov | ||
| 996 | |b 284C030143 |c C*D13886 |l CCI |s A |a 24 |w stu80942_0001 | ||